000
00298nam a2200121Ia 4500
008
190216s9999||||xx |||||||||||||| ||und||
100
_a
Shailaja G
245
0
_a
International Finance 2nd Edn
260
_b
Universities Press
_c
2011
300
_a
517
650
_a
International Finance
942
_c
BK
999
_c
8070
_d
8070